Conferencias sobre el derecho natural como introdución al Curso de derecho de gentes / (Record no. 12465)
[ view plain ]
| 000 -CABECERA | |
|---|---|
| campo de control de longitud fija | 00967cam a2200241 a 4500 |
| 001 - NÚMERO DE CONTROL | |
| campo de control | 000012815 |
| 005 - FECHA Y HORA DE LA ÚLTIMA TRANSACCIÓN | |
| campo de control | 20240508200520.0 |
| 008 - DATOS DE LONGITUD FIJA--INFORMACIÓN GENERAL | |
| campo de control de longitud fija | 910716s1966 uy 000 0 spa |
| 035 ## - NÚMERO DE CONTROL DEL SISTEMA | |
| Número de control de sistema | (DLC) 16009337 |
| 035 ## - NÚMERO DE CONTROL DEL SISTEMA | |
| Número de control de sistema | (OCoLC)24082557 |
| 040 ## - FUENTE DE LA CATALOGACIÓN | |
| Centro catalogador/agencia de origen | DO-SdBNP |
| Lengua de catalogación | spa |
| Centro/agencia transcriptor | TxU |
| Centro/agencia modificador | BNPHU |
| -- | DLC |
| 082 ## - NÚMERO DE LA CLASIFICACIÓN DECIMAL DEWEY | |
| Número de clasificación | 346.012 |
| Número de documento/Ítem | P438c |
| 049 ## - FONDOS LOCALES (OCLC) | |
| Fondos de biblioteca | BNGR |
| 100 1# - ENTRADA PRINCIPAL--NOMBRE DE PERSONA | |
| Nombre de persona | Pérez Gomar, Gregorio, |
| Fechas asociadas al nombre | 1834-1885. |
| 9 (RLIN) | 29626 |
| 245 10 - MENCIÓN DE TÍTULO | |
| Título | Conferencias sobre el derecho natural como introdución al Curso de derecho de gentes / |
| Mención de responsabilidad, etc. | Gregorio Pérez Gomar ; prólogo Emilio Siemens Amaro. |
| 260 ## - PUBLICACIÓN, DISTRIBUCIÓN, ETC. | |
| Lugar de publicación, distribución, etc. | Montevideo : |
| Nombre del editor, distribuidor, etc. | [Ministerios de Introducción Pública y Prevención Social], |
| Fecha de publicación, distribución, etc. | 1966. |
| 300 ## - DESCRIPCIÓN FÍSICA | |
| Extensión | 176 p. ; |
| Dimensiones | 20 cm. |
| 490 1# - MENCIÓN DE SERIE | |
| Mención de serie | Bibliotecas Ártigas |
| -- | Clásicos Pérz Gomar |
| 650 #4 - PUNTO DE ACCESO ADICIONAL DE MATERIA--TÉRMINO DE MATERIA | |
| Término de materia o nombre geográfico como elemento de entrada | Derecho natural |
| Subdivisión de forma | CONGRESOS, CONFERENCIAS, ETC. |
| 9 (RLIN) | 29627 |
| 650 #0 - PUNTO DE ACCESO ADICIONAL DE MATERIA--TÉRMINO DE MATERIA | |
| Término de materia o nombre geográfico como elemento de entrada | Derecho internacional |
| 9 (RLIN) | 3258 |
| 830 #0 - PUNTO DE ACCESO ADICIONAL DE SERIE-TÍTULO UNIFORME | |
| Título uniforme | Bibliotecas Ártigas, |
| Nombre de parte o sección de la obra | Clásicos Pérz Gomar |
| 9 (RLIN) | 29628 |
| 910 ## - DATOS DE OPCIÓN DEL USUARIO (OCLC) | |
| Datos de opción del usuario | Catalogación derivada |
| 999 ## - NÚMEROS DE CONTROL DE SISTEMA (KOHA) | |
| -- | 0000034 |
| Estado de retiro | Estado de pérdida | Restricciones de uso | No para préstamo | Código de colección | Localización permanente | Ubicación/localización actual | Ubicación en estantería | Fecha de adquisición | Número de inventario | Total de préstamos | Signatura topográfica completa | Código de barras | Fecha visto por última vez | Precio válido a partir de | Tipo de ítem Koha | Número de copia |
|---|---|---|---|---|---|---|---|---|---|---|---|---|---|---|---|---|
| Préstamo restrigido | Monografías: Libros y Folletos | General | General | En encuadernación | 17.11.2009 | LF1 | 346.012 P438c | 12815-10 | 25.06.2020 | 25.06.2020 | Préstamo en sala | |||||
| Préstamo restringido | Préstamo restrigido | Monografías: Libros y Folletos | General | General | En catalogación | 17.11.2009 | LF1 | 346.012 P438c | 12815-20 | 25.06.2020 | 25.06.2020 | Préstamo en sala | e.2 |
